Idioma extranjero

保存先:
書誌詳細
第一著者: Tapia, Astrid (著者)
フォーマット: 図書
言語:スペイン語
出版事項: Santiago Vicaría de la Solidaridad 1991
Santiago Paulinas 1991
シリーズ:Manuales de Educación en Derechos Humanos, 9
主題:
タグ: タグ追加
タグなし, このレコードへの初めてのタグを付けませんか!

MARC

LEADER 00000nam a2200000 a 4500
001 UCW6537
003 CL-VaPUC
008 920327e19910000CL |||||||||||||||||spa|d
082 0 4 |a 372.65  |b TAP  |2 21 
100 0 |a Tapia, Astrid  |e author  |9 311568 
245 1 0 |a Idioma extranjero 
300 |a 33 p 
942 |c BK 
945 |d 19920327 00:00:00 
260 |a Santiago  |b Vicaría de la Solidaridad  |c 1991 
260 |a Santiago  |b Paulinas  |c 1991 
650 0 |a Inglés  |9 260023 
650 7 |a FRANCES  |2 CL-VaPUC  |9 259059 
650 0 |a Educación básica   |9 224933 
650 0 |a Educación lingüística  |9 306506 
583 |a last modification  |c 20141230 02:05:48  |k Rodrigo Vera 
490 0 |a Manuales de Educación en Derechos Humanos, 9 
999 |c 219566  |d 219564 
952 |0 0  |1 0  |4 0  |6 372_650000000000000_TAP_1991_1991  |7 0  |8 P  |9 210646  |a BIBEDU  |b BIBEDU  |c BIBEDU_PB  |d 2019-11-15  |i 2787903  |o 372.65 TAP 1991 1991  |p 2787903  |r 2024-01-25  |w 2019-11-15  |y BK  |k EDU